| 000 | 00616nam a2200157 a 4500 | ||
|---|---|---|---|
| 008 | 120416s1976 ||||||||||||||||| || u | ||
| 050 | _aTA 403 Smi | ||
| 100 | _aSmith, Brian John | ||
| 245 | 1 | 0 | _aConstruction science |
| 246 | _aBrian John | ||
| 260 |
_aLondon _bLongman _c1976 |
||
| 300 | _a2v. | ||
| 350 | _a0.00 | ||
| 995 |
_aBINDERY (DAMAGED) _D0.00 _e715569 _FCBU-MAIN LIBRARY (Kitwe) _H1 _I0.00 _jTA 403 Smi _M2 _UDAMAGED _y014165 _ZMain Library Open Access Collection |
||
| 995 |
_aBINDERY (DAMAGED) _D0.00 _e703098 _FCBU-MAIN LIBRARY (Kitwe) _H2 _I0.00 _jTA 403 Smi _M1 _UDAMAGED _y014164 _ZMain Library Open Access Collection |
||
| 999 |
_c79787 _d79787 |
||